عرض عادي
عرض مارك
- هويدي، فهمي
دخول Personal Name
001 - CONTROL NUMBER
- control field: 28684
003 - CONTROL NUMBER IDENTIFIER
- control field: AE-AdECS
005 - DATE AND TIME OF LATEST TRANSACTION
- control field: 20260415164621.0
008 - FIXED-LENGTH DATA ELEMENTS
- fixed length control field: 260415|| aca||aabn | a|a d
040 ## - CATALOGING SOURCE
- Original cataloging agency: AE-AdECS
- Transcribing agency: AE-AdECS
100 ## - HEADING--PERSONAL NAME
- Personal name: هويدي، فهمي
670 ## - SOURCE DATA FOUND
- Source citation: Work cat.: (AE-AdECS)294716: هويدي، فهمي مؤلف., المسلمون في الصين :
